[Event "e2e4.org.uk Bedford Open"]
[Site "Park Inn Hotel, Bedford, Engla"]
[Date "2013.09.22"]
[Round "4"]
[White "Sowray, Peter J"]
[Black "Eggleston, David J"]
[Result "0-1"]
[WhiteElo "2341"]
[BlackElo "2337"]
[PlyCount "128"]
[EventDate "2013.??.??"]

1. d4 Nf6 2. c4 e6 3. Nc3 Bb4 4. e3 O-O 5. Nge2 d5 6. a3 Bd6 7. Ng3 Nbd7 8.
cxd5 exd5 9. Nf5 Nb6 10. Nxd6 Qxd6 11. Bd3 Bg4 12. Qc2 a6 13. Bd2 Rac8 14. Na4
Nxa4 15. Qxa4 Ne4 16. Bxe4 dxe4 17. Bb4 c5 18. Bc3 b5 19. Qb3 Qg6 20. dxc5 Rxc5
21. Qb4 Rc4 22. Qe7 Bh5 23. Kf1 f5 24. h4 f4 25. exf4 e3 26. Qxe3 Rcxf4 27. Rh3
Rg4 28. Qd3 Rxf2+ 29. Kxf2 Rxg2+ 30. Ke3 Qe6+ 31. Kd4 Qd6+ 32. Ke3 Qe6+ 33. Kd4
Rg4+ 34. Kc5 Rc4+ 35. Qxc4 Qxc4+ 36. Kd6 Qf4+ 37. Be5 Qf8+ 38. Kd5 Qf7+ 39. Kd6
Qf8+ 40. Kd5 Bf3+ 41. Rxf3 Qxf3+ 42. Kd6 Qd3+ 43. Ke6 Qc4+ 44. Kd6 Qxh4 45. Rg1
Qh6+ 46. Ke7 Qh4+ 47. Ke6 Qc4+ 48. Kd6 Qf7 49. Rc1 h5 50. Rc7 Qg6+ 51. Kd5 h4
52. Rc8+ Kh7 53. Rc3 Qg2+ 54. Ke6 Qg4+ 55. Kd6 Kh6 56. Kd5 g5 57. Rc6+ Kh5 58.
Rxa6 Qc4+ 59. Kd6 g4 60. Rc6 Qd3+ 61. Ke6 g3 62. Rc7 Kg4 63. Rg7+ Kf3 64. Rf7+
Kg2 0-1

[Event "e2e4.org.uk Bedford Open"]
[Site "Park Inn Hotel, Bedford, Engla"]
[Date "2013.09.22"]
[Round "4"]
[White "Slavin, Alexey"]
[Black "Gormally, Daniel W"]
[Result "1-0"]
[WhiteElo "2366"]
[BlackElo "2512"]
[PlyCount "60"]
[EventDate "2013.??.??"]

1. d4 Nf6 2. c4 g6 3. Nc3 Bg7 4. e4 O-O 5. Nf3 c5 6. d5 d6 7. h3 e6 8. Bd3 exd5
9. exd5 Re8+ 10. Be3 Bh6 11. O-O Bxe3 12. fxe3 Qe7 13. e4 Nbd7 14. Qd2 Kg7 15.
Nb5 Rf8 16. Qc3 a6 17. Nxd6 Qxd6 18. e5 Nxe5 19. Nxe5 b5 20. b3 Re8 21. Rae1
Bb7 22. Nxf7 Kxf7 23. Rxf6+ Qxf6 24. Rf1 Qxf1+ 25. Bxf1 b4 26. Qg3 Rac8 27. h4
Re7 28. h5 gxh5 29. Be2 Rg8 30. Bxh5+ Kf8 1-0

[Event "e2e4.org.uk Bedford Open"]
[Site "Park Inn Hotel, Bedford, Engla"]
[Date "2013.09.22"]
[Round "4"]
[White "Chapman, Terry P D"]
[Black "Williams, Simon K"]
[Result "1-0"]
[WhiteElo "2312"]
[BlackElo "2469"]
[PlyCount "71"]
[EventDate "2013.??.??"]

1. Nf3 f5 2. d3 d6 3. e4 e5 4. Nc3 c5 5. g3 Be7 6. Bh3 g6 7. exf5 h5 8. Nh4
Bxh4 9. gxh4 Qxh4 10. Qf3 Nc6 11. fxg6 Nf6 12. Bxc8 Rxc8 13. g7 Rg8 14. Qf5 Ne7
15. Qe6 d5 16. Qxe5 Rc6 17. Bg5 Qg4 18. Kd2 Re6 19. Bxf6 Rxe5 20. Bxe5 Ng6 21.
Rae1 Kf7 22. Rhg1 Qf3 23. Bd6 Qf6 24. Bxc5 b6 25. Bf8 Qf4+ 26. Kd1 Nxf8 27.
Re7+ Kxe7 28. Nxd5+ Ke8 29. Nxf4 Nd7 30. Nxh5 Kf7 31. f4 Nc5 32. Ke2 Ne6 33. c3
Nd8 34. Kf3 Nc6 35. f5 Ne7 36. f6 1-0

[Event "e2e4.org.uk Bedford Open"]
[Site "Park Inn Hotel, Bedford, Engla"]
[Date "2013.09.22"]
[Round "4"]
[White "Arkell, Keith C"]
[Black "Player, Edmund C"]
[Result "1-0"]
[WhiteElo "2451"]
[BlackElo "2253"]
[PlyCount "71"]
[EventDate "2013.??.??"]

1. d4 d5 2. Nf3 c5 3. g3 Nc6 4. Bg2 Nf6 5. O-O e6 6. c4 dxc4 7. Qa4 Bd7 8. Qxc4
Qb6 9. dxc5 Qxc5 10. Nbd2 Be7 11. Qxc5 Bxc5 12. Nc4 O-O 13. a3 Rfd8 14. b4 Bf8
15. Bb2 Be8 16. Rfd1 Rxd1+ 17. Rxd1 Rd8 18. Rc1 Nd7 19. Ne1 Rc8 20. Nd3 Nd8 21.
Bd4 b6 22. a4 f6 23. b5 Nb8 24. f4 Bf7 25. Be3 e5 26. Ndb2 Bc5 27. Bxc5 Rxc5
28. Rd1 Ne6 29. fxe5 fxe5 30. Nd6 Nd4 31. Nd3 Nxe2+ 32. Kf1 Nc3 33. Rc1 Rc7 34.
Nxe5 Bb3 35. Nc6 Nxc6 36. Rxc3 1-0

[Event "e2e4.org.uk Bedford Open"]
[Site "Park Inn Hotel, Bedford, Engla"]
[Date "2013.09.22"]
[Round "4"]
[White "Jackson, James P"]
[Black "Wells, Peter K"]
[Result "0-1"]
[WhiteElo "2231"]
[BlackElo "2485"]
[PlyCount "82"]
[EventDate "2013.??.??"]

1. e4 c6 2. d4 d5 3. exd5 cxd5 4. c4 Nf6 5. Nc3 e6 6. Nf3 Bb4 7. Bd3 dxc4 8.
Bxc4 O-O 9. O-O b6 10. Qd3 Bb7 11. Bg5 Nbd7 12. Rac1 Rc8 13. Ba6 Bxa6 14. Qxa6
Bxc3 15. bxc3 Qc7 16. c4 Ne4 17. Be3 Ndf6 18. c5 bxc5 19. dxc5 Ng4 20. c6 Nxe3
21. fxe3 Rb8 22. Qc4 Nf6 23. e4 h6 24. e5 Nd5 25. Qc5 Rfc8 26. Rc4 Rb2 27. a4
a5 28. Rfc1 Rd8 29. Kh1 Rb4 30. h3 g6 31. Qf2 Kg7 32. Qg3 Ne3 33. Rxb4 axb4 34.
Qe1 Nd5 35. Qh4 Rb8 36. Nh2 b3 37. Ng4 h5 38. Nf6 b2 39. Rb1 Qxc6 40. Qg5 Qc2
41. Nxh5+ Kh7 0-1

[Event "e2e4.org.uk Bedford Open"]
[Site "Park Inn Hotel, Bedford, Engla"]
[Date "2013.09.22"]
[Round "4"]
[White "Merry, Alan B"]
[Black "Hunt, Adam C"]
[Result "0-1"]
[WhiteElo "2310"]
[BlackElo "2426"]
[PlyCount "90"]
[EventDate "2013.??.??"]

1. d4 Nf6 2. c4 g6 3. g3 Bg7 4. Bg2 O-O 5. Nc3 d6 6. e3 Nc6 7. Nge2 Bd7 8. O-O
e5 9. d5 Ne7 10. b3 Qc8 11. Bb2 Bh3 12. e4 Qd7 13. Qd3 c5 14. dxc6 bxc6 15.
Rad1 Bxg2 16. Kxg2 Rfd8 17. Rd2 Bh6 18. f4 Nh5 19. Qf3 exf4 20. g4 Nf6 21. h3
g5 22. Ng3 Ng6 23. Nf5 Qxf5 24. exf5 Nh4+ 25. Kf2 Nxf3 26. Kxf3 Bg7 27. Rfd1
Re8 28. Rxd6 Re3+ 29. Kg2 h5 30. gxh5 Nxh5 31. R1d3 Rae8 32. Kf2 c5 33. Rd8
Rxd8 34. Rxd8+ Kh7 35. Nd5 Rxh3 36. Bxg7 Kxg7 37. b4 cxb4 38. c5 Nf6 39. Nxb4
Ne4+ 40. Kg2 Rg3+ 41. Kh2 Nxc5 42. Nd5 Ne4 43. Rd7 Ra3 44. Nb4 a5 45. Rd4 Ng3
0-1

[Event "e2e4.org.uk Bedford Open"]
[Site "Park Inn Hotel, Bedford, Engla"]
[Date "2013.09.22"]
[Round "4"]
[White "Fernandez, Daniel Howard"]
[Black "Eames, Robert S"]
[Result "1-0"]
[WhiteElo "2388"]
[BlackElo "2223"]
[PlyCount "113"]
[EventDate "2013.??.??"]

1. b4 e5 2. Bb2 Bxb4 3. Bxe5 Nf6 4. Nf3 O-O 5. e3 d5 6. Be2 Be7 7. c4 c5 8.
cxd5 Nxd5 9. O-O Nc6 10. Bb2 Bf6 11. Qc1 Bg4 12. Nc3 b6 13. Rd1 Rc8 14. h3 Bh5
15. Ne4 Bxb2 16. Qxb2 Bg6 17. Ng3 Qf6 18. Qxf6 Nxf6 19. d4 cxd4 20. Nxd4 Nxd4
21. Rxd4 Rfd8 22. Rxd8+ Rxd8 23. Rc1 h5 24. Bb5 Rd2 25. a4 Ra2 26. Ne2 a6 27.
Nc3 Rb2 28. Bxa6 Bc2 29. Nd1 Bxd1 30. Rxd1 g5 31. Rd4 Kf8 32. Bb5 Ke7 33. g4 h4
34. Kg2 Ke6 35. Kf3 Ke5 36. Rd8 Nd5 37. Rf8 f6 38. Re8+ Kd6 39. Rf8 Ke5 40. Rc8
Ne7 41. Rc7 Kd6 42. Rd7+ Ke6 43. Rd3 Ng6 44. Rd8 Ne5+ 45. Kg2 Nf7 46. Rb8 Nd6
47. Rxb6 Ke5 48. Rb8 f5 49. gxf5 Nxf5 50. Re8+ Kf6 51. Bd7 Ne7 52. Ra8 Nd5 53.
Kf3 Nc3 54. Ra6+ Ke7 55. Bf5 Nd1 56. Kg4 Rxf2 57. Kxg5 1-0

[Event "e2e4.org.uk Bedford Open"]
[Site "Park Inn Hotel, Bedford, Engla"]
[Date "2013.09.22"]
[Round "4"]
[White "Harvey, Marcus R"]
[Black "Goodger, Martyn"]
[Result "1-0"]
[WhiteElo "2207"]
[BlackElo "2111"]
[PlyCount "81"]
[EventDate "2013.??.??"]

1. g3 f5 2. Bg2 Nf6 3. d3 g6 4. e4 fxe4 5. dxe4 d6 6. c4 Bg7 7. Nc3 O-O 8. Nge2
c5 9. O-O Nc6 10. h3 e5 11. f4 Be6 12. Nd5 Qd7 13. Kh2 Rae8 14. a3 Nd4 15. Nxd4
exd4 16. b4 b6 17. g4 Bxd5 18. exd5 Ne4 19. Qd3 Nc3 20. Bd2 Re7 21. Bf3 Rfe8
22. b5 Kh8 23. a4 Ne4 24. Bc1 Nc3 25. a5 bxa5 26. Rxa5 Re1 27. Rxe1 Rxe1 28.
Bd2 Re7 29. h4 Qe8 30. Ra6 Ne4 31. Bxe4 Rxe4 32. Rxa7 h5 33. gxh5 gxh5 34. Ra8
Qxa8 35. Qxe4 Qd8 36. Kh3 Qd7+ 37. Qe6 Qd8 38. f5 Bf6 39. b6 Bxh4 40. b7 Bf2
41. Qc8 1-0

[Event "e2e4.org.uk Bedford Open"]
[Site "Park Inn Hotel, Bedford, Engla"]
[Date "2013.09.22"]
[Round "4"]
[White "Bonafont, Philip R"]
[Black "Roberson, Peter T"]
[Result "0-1"]
[WhiteElo "2033"]
[BlackElo "2384"]
[PlyCount "128"]
[EventDate "2013.??.??"]

1. d4 e6 2. c4 b6 3. Nf3 Bb7 4. g3 Bb4+ 5. Bd2 Bxf3 6. exf3 Bxd2+ 7. Qxd2 d5 8.
Nc3 Ne7 9. cxd5 Nxd5 10. Bb5+ c6 11. Ba4 O-O 12. O-O Ne7 13. Rad1 Nd7 14. Rfe1
Rc8 15. b4 Nf6 16. a3 Nfd5 17. Ne4 Qd7 18. Qd3 Rfd8 19. Bc2 Ng6 20. h4 h6 21.
h5 Nf8 22. Kg2 Qc7 23. f4 Ne7 24. Rd2 Rd7 25. Red1 Rcd8 26. Qc4 Nh7 27. a4 Nf5
28. Rd3 Qb7 29. Kh2 Nd6 30. Nxd6 Rxd6 31. R1d2 Qd7 32. Bd1 Nf6 33. Bf3 Nd5 34.
Kg2 a5 35. bxa5 bxa5 36. Rd1 Nb4 37. R3d2 Qa7 38. Qc3 Qb6 39. Kg1 R8d7 40. Kg2
Nd5 41. Qc2 Rb7 42. Rc1 Qd8 43. Rb1 Rxb1 44. Qxb1 Nb4 45. Re2 Rxd4 46. Re5 Rd2
47. Be4 Qd4 48. Rxa5 Qxf2+ 49. Kh3 Qh2+ 50. Kg4 f5+ 51. Bxf5 exf5+ 52. Qxf5
Qe2+ 53. Kh3 Qf1+ 54. Kg4 Qd1+ 55. Kh3 Qh1+ 56. Kg4 Qd1+ 57. Kh3 Rd8 58. Ra7
Qd4 59. Qe6+ Kh8 60. Qe7 Rg8 61. a5 Nd5 62. Qf7 Qe4 63. a6 Qh1+ 64. Kg4 Ne3#
0-1

[Event "e2e4.org.uk Bedford Open"]
[Site "Park Inn Hotel, Bedford, Engla"]
[Date "2013.09.22"]
[Round "4"]
[White "Mangione, Claudio"]
[Black "Doci, Stefan"]
[Result "1/2-1/2"]
[WhiteElo "2146"]
[BlackElo "2075"]
[PlyCount "59"]
[EventDate "2013.??.??"]

1. c4 e5 2. g3 g6 3. Bg2 Bg7 4. Nc3 Ne7 5. e4 O-O 6. Nge2 d6 7. O-O Be6 8. d3
c6 9. Be3 f5 10. Qd2 Nd7 11. Bh6 Bxh6 12. Qxh6 Qb6 13. Qd2 Rf7 14. b3 Raf8 15.
d4 f4 16. f3 d5 17. cxd5 cxd5 18. Kh1 dxe4 19. Nxe4 Bd5 20. gxf4 exd4 21. Ng5
Rf6 22. Qxd4 Qxd4 23. Nxd4 h6 24. Nh3 Nf5 25. Nxf5 Rxf5 26. Rae1 Nc5 27. Re5
Bc6 28. Rd1 Bd7 29. Rxf5 Rxf5 30. Kg1 1/2-1/2

[Event "e2e4.org.uk Bedford Open"]
[Site "Park Inn Hotel, Bedford, Engla"]
[Date "2013.09.22"]
[Round "4"]
[White "Batchelor, Peter J"]
[Black "Amato, Giampiero"]
[Result "1-0"]
[WhiteElo "2132"]
[BlackElo "2015"]
[PlyCount "77"]
[EventDate "2013.??.??"]

1. d4 c5 2. d5 Nf6 3. c4 g6 4. Nc3 Bg7 5. e4 O-O 6. Nf3 e6 7. Bd3 exd5 8. cxd5
d6 9. h3 b5 10. Nxb5 Re8 11. O-O Nxe4 12. Re1 a6 13. Nc3 Nxc3 14. bxc3 Nd7 15.
Bg5 Nf6 16. Qd2 Bb7 17. c4 Qc7 18. Rxe8+ Rxe8 19. Rb1 Bc8 20. Bc2 Kf8 21. Bh6
Ne4 22. Bxe4 Rxe4 23. Bxg7+ Kxg7 24. Qb2+ f6 25. Nd2 Re2 26. Kf1 Re7 27. Qb6
Qxb6 28. Rxb6 Bf5 29. Rxd6 Bd3+ 30. Kg1 Re1+ 31. Kh2 Re2 32. Rd7+ Kh6 33. Nb3
Bxc4 34. Nxc5 Rxa2 35. d6 Ra5 36. Rxh7+ Kxh7 37. d7 Rxc5 38. d8=Q Bf7 39. Qe7
1-0

[Event "e2e4.org.uk Bedford Open"]
[Site "Park Inn Hotel, Bedford, Engla"]
[Date "2013.09.22"]
[Round "4"]
[White "Mercs, Peter J"]
[Black "Redman, David J"]
[Result "0-1"]
[WhiteElo "2106"]
[BlackElo "1797"]
[PlyCount "72"]
[EventDate "2013.??.??"]

1. e4 Nf6 2. e5 Nd5 3. d4 d6 4. Nf3 g6 5. c4 Nb6 6. exd6 cxd6 7. Bd2 Bg7 8. Bc3
N8d7 9. Bd3 O-O 10. d5 Nf6 11. Nbd2 e6 12. dxe6 Bxe6 13. O-O Rc8 14. Ba5 Nfd7
15. Rb1 Nc5 16. Bc2 d5 17. cxd5 Qxd5 18. Bxb6 axb6 19. b4 Nd3 20. Bb3 Qc6 21.
b5 Qd7 22. Ne4 Bf5 23. Ng3 Nb2 24. Qxd7 Bxd7 25. a4 Ra8 26. Ng5 Nxa4 27. N3e4
Nc5 28. Nxc5 bxc5 29. Bd5 Ra5 30. b6 c4 31. Rfd1 Ba4 32. Nf3 Bxd1 33. Rxd1 c3
34. Ne1 Rd8 35. Bxf7+ Kxf7 36. Rxd8 Ra1 0-1

[Event "e2e4.org.uk Bedford Open"]
[Site "Park Inn Hotel, Bedford, Engla"]
[Date "2013.09.22"]
[Round "4"]
[White "Gibson, Christopher A"]
[Black "Burrows, Martin P"]
[Result "1/2-1/2"]
[WhiteElo "2014"]
[BlackElo "2142"]
[PlyCount "25"]
[EventDate "2013.??.??"]

1. e4 e6 2. d4 d5 3. exd5 exd5 4. Bd3 Nc6 5. c3 Bd6 6. Ne2 Qh4 7. Be3 Nf6 8.
Nd2 Bg4 9. Qc2 O-O-O 10. O-O-O Rhe8 11. h3 Bxe2 12. Bxe2 Nd7 13. Qf5 1/2-1/2

[Event "e2e4.org.uk Bedford Open"]
[Site "Park Inn Hotel, Bedford, Engla"]
[Date "2013.09.22"]
[Round "4"]
[White "Savage, Nicholas W"]
[Black "Sathyanandha, Saravanan"]
[Result "1/2-1/2"]
[WhiteElo "1982"]
[BlackElo "2127"]
[PlyCount "136"]
[EventDate "2013.??.??"]

1. d4 Nf6 2. c4 e6 3. Nf3 b6 4. g3 Bb7 5. Bg2 Be7 6. O-O O-O 7. d5 exd5 8. Nh4
c6 9. cxd5 Nxd5 10. Nf5 Nc7 11. Nc3 d5 12. e4 Bf6 13. Bf4 d4 14. e5 dxc3 15.
Qg4 Bc8 16. exf6 Qxf6 17. Be4 Ne6 18. bxc3 Nxf4 19. Qxf4 Bxf5 20. Qxf5 Qxf5 21.
Bxf5 Na6 22. Be4 Rac8 23. Rad1 Rc7 24. Rd6 Rfc8 25. Rfd1 g6 26. Rd8+ Rxd8 27.
Rxd8+ Kg7 28. Rd6 c5 29. a4 Nb8 30. Rd8 Nd7 31. f4 c4 32. Kf2 Nc5 33. Bc2 a6
34. Rd6 b5 35. axb5 axb5 36. Rb6 Ra7 37. Rxb5 Ra2 38. Rxc5 Rxc2+ 39. Ke3 Rxc3+
40. Kd2 Rd3+ 41. Ke2 Ra3 42. Rxc4 Ra2+ 43. Kf3 Rxh2 44. Rc7 h5 45. Ra7 Rb2 46.
Rc7 Rb3+ 47. Kg2 Rd3 48. Ra7 Kf6 49. Ra6+ Kf5 50. Ra5+ Ke6 51. Re5+ Kd6 52. Ra5
f6 53. Ra6+ Ke7 54. Rb6 Rd6 55. Rb5 Ke6 56. Ra5 Rd5 57. Ra8 Kf5 58. Kh3 g5 59.
fxg5 fxg5 60. Rf8+ Ke4 61. Rh8 g4+ 62. Kh4 Kf3 63. Ra8 Rf5 64. Ra2 Ke3 65. Ra3+
Kf2 66. Ra2+ Kg1 67. Ra1+ Kg2 68. Rg1+ Kxg1 1/2-1/2

[Event "e2e4.org.uk Bedford Open"]
[Site "Park Inn Hotel, Bedford, Engla"]
[Date "2013.09.22"]
[Round "4"]
[White "Burgin, Ryan"]
[Black "Calvert, D Ian"]
[Result "1/2-1/2"]
[WhiteElo "2055"]
[BlackElo "1985"]
[PlyCount "73"]
[EventDate "2013.??.??"]

1. d4 d5 2. c4 c6 3. cxd5 cxd5 4. Nf3 Nf6 5. Nc3 Nc6 6. Bf4 Bf5 7. e3 e6 8. Be2
Ne4 9. O-O Be7 10. Nxe4 Bxe4 11. Nd2 Bg6 12. Bb5 Rc8 13. Rc1 O-O 14. Bxc6 Rxc6
15. Rxc6 bxc6 16. Nb3 Qb6 17. Qe2 c5 18. dxc5 Bxc5 19. Rc1 Bd6 20. Bxd6 Qxd6
21. Qb5 Rb8 22. Qa5 Qb6 23. h3 h6 24. Qd2 a5 25. Nxa5 Qxb2 26. Rc8+ Kh7 27.
Qxb2 Rxb2 28. Nc6 Rxa2 29. Ne5 Ra7 30. g4 f6 31. Nc6 Ra1+ 32. Kg2 Rc1 33. h4
Be8 34. Rxe8 Rxc6 35. h5 e5 36. Rd8 Rc4 37. Kf3 1/2-1/2

[Event "e2e4.org.uk Bedford Open"]
[Site "Park Inn Hotel, Bedford, Engla"]
[Date "2013.09.22"]
[Round "4"]
[White "Molofej, Denis"]
[Black "Jaszkiwskyj, Peter"]
[Result "1-0"]
[WhiteElo "2053"]
[BlackElo "1979"]
[PlyCount "47"]
[EventDate "2013.??.??"]

1. e4 e5 2. Nf3 Nc6 3. Bc4 Nf6 4. d4 exd4 5. O-O Bc5 6. e5 d5 7. exf6 dxc4 8.
Re1+ Be6 9. Ng5 Qd5 10. Nc3 Qf5 11. Nce4 O-O-O 12. g4 Qe5 13. Nxe6 fxe6 14.
fxg7 Rhg8 15. Bh6 Bb4 16. f4 Qd5 17. Nf6 Qd6 18. Nxg8 Bxe1 19. Qxe1 Rxg8 20.
Qe4 d3 21. c3 d2 22. Rd1 Rd8 23. Bg5 Re8 24. f5 1-0

[Event "e2e4.org.uk Bedford Open"]
[Site "Park Inn Hotel, Bedford, Engla"]
[Date "2013.09.22"]
[Round "4"]
[White "Davison, Chris"]
[Black "Ukken, Somton"]
[Result "1/2-1/2"]
[WhiteElo "1927"]
[BlackElo "2008"]
[PlyCount "36"]
[EventDate "2013.??.??"]

1. e4 c5 2. Nf3 g6 3. d4 cxd4 4. Nxd4 Nc6 5. Be3 Nf6 6. Nc3 Bg7 7. Be2 O-O 8.
Qd2 d5 9. exd5 Nxd5 10. Nxc6 bxc6 11. Nxd5 cxd5 12. c3 Bb7 13. O-O-O Qa5 14.
Kb1 Rfd8 15. Bh6 Bh8 16. h4 d4 17. cxd4 Qxd2 18. Rxd2 Bxg2 1/2-1/2

[Event "e2e4.org.uk Bedford Open"]
[Site "Park Inn Hotel, Bedford, Engla"]
[Date "2013.09.22"]
[Round "4"]
[White "Andreev, Peter"]
[Black "Wynarczyk, Raymond"]
[Result "1/2-1/2"]
[WhiteElo "2007"]
[BlackElo "1958"]
[PlyCount "65"]
[EventDate "2013.??.??"]

1. e4 c5 2. Nc3 e6 3. g3 g6 4. d3 Bg7 5. Bg2 Nc6 6. Be3 d6 7. Qd2 Rb8 8. Nd1 b5
9. Ne2 h5 10. h3 Nge7 11. O-O Nd4 12. Nc1 b4 13. c3 Ndc6 14. Ne2 Ba6 15. f4 Qa5
16. c4 Nd4 17. Nf2 Nec6 18. g4 b3 19. Nxd4 Qxd2 20. Bxd2 Nxd4 21. axb3 Nxb3 22.
Rxa6 Nxd2 23. Re1 Rxb2 24. e5 dxe5 25. fxe5 O-O 26. Rxa7 Rfb8 27. gxh5 Rb1 28.
Ra1 Rxa1 29. Rxa1 gxh5 30. Re1 Rb1 31. Rxb1 Nxb1 32. Bf3 Bxe5 33. Bxh5 1/2-1/2

[Event "e2e4.org.uk Bedford Open"]
[Site "Park Inn Hotel, Bedford, Engla"]
[Date "2013.09.22"]
[Round "4"]
[White "Dixit, Kumar"]
[Black "Walton, Alan J"]
[Result "1/2-1/2"]
[WhiteElo "1931"]
[BlackElo "2138"]
[PlyCount "132"]
[EventDate "2013.??.??"]

1. d4 d5 2. Nf3 c6 3. c4 e6 4. Nc3 dxc4 5. a4 Bb4 6. e3 b5 7. Bd2 a5 8. Ne5 Bb7
9. Qg4 g6 10. Qf4 f6 11. Nf3 Qe7 12. e4 Nd7 13. axb5 Bxc3 14. Bxc3 cxb5 15.
Rxa5 Rxa5 16. Bxa5 g5 17. Qe3 Qd6 18. Be2 Ne7 19. O-O Qf4 20. Nd2 Nc6 21. Bh5+
Kf8 22. Qa3+ Kg7 23. g3 Qb8 24. d5 exd5 25. exd5 Nce5 26. Qe7+ Kh6 27. Bf7 Qf8
28. Qxf8+ Rxf8 29. Be6 Nc5 30. f4 gxf4 31. Rxf4 Ncd3 32. Rh4+ Kg7 33. Bf5 Bxd5
34. Rxh7+ Kg8 35. Bc3 Ra8 36. Bxd3 Nxd3 37. Rh6 Ra1+ 38. Nf1 b4 39. Bxf6 Ra2
40. Rh5 Bc6 41. Ne3 Ra1+ 42. Nf1 Rc1 43. Rh8+ Kf7 44. Rc8 Bd5 45. Bd4 Be6 46.
Rc7+ Kg6 47. Rc6 Kf7 48. Rc7+ Ke8 49. Kg2 Bd5+ 50. Kg1 Bf3 51. Bf6 Kf8 52. Bg5
Rd1 53. Be7+ Ke8 54. Bf6 Rc1 55. Bg5 Re1 56. Rc8+ Kf7 57. Rc7+ Kg6 58. h4 Be2
59. Rc6+ Kh5 60. Rf6 Nxb2 61. Bd2 Rxf1+ 62. Rxf1 Bxf1 63. Kxf1 c3 64. Ke2 Kg4
65. Be1 Nc4 66. Bxc3 bxc3 1/2-1/2

[Event "e2e4.org.uk Bedford Open"]
[Site "Park Inn Hotel, Bedford, Engla"]
[Date "2013.09.22"]
[Round "4"]
[White "Macreamoinn, Brian"]
[Black "Bennett, Dominic"]
[Result "1-0"]
[WhiteElo "2024"]
[BlackElo "1988"]
[PlyCount "97"]
[EventDate "2013.??.??"]

1. d4 g6 2. c4 f5 3. g4 d5 4. Bg2 c6 5. cxd5 cxd5 6. gxf5 Bxf5 7. Qb3 Qc7 8.
Nc3 e6 9. Bf4 Qe7 10. Be5 Bg7 11. Bxb8 Rxb8 12. Qa4+ Kf7 13. Qxa7 Nf6 14. Nf3
Nd7 15. Qa4 Rhf8 16. h4 Kg8 17. Qb3 Rfc8 18. e3 Bg4 19. Ng5 Bf6 20. Bxd5 Bxg5
21. hxg5 b5 22. f3 b4 23. fxg4 bxc3 24. Bxe6+ Kh8 25. Qd5 cxb2 26. Rb1 Rc1+ 27.
Ke2 Rxh1 28. Rxh1 b1=Q 29. Rxb1 Rxb1 30. Qxd7 Rb2+ 31. Kf3 Qxd7 32. Bxd7 Rxa2
33. d5 Kg7 34. Kf4 Ra5 35. Ke5 Kf8 36. e4 Ke7 37. Be6 Ra6 38. Bg8 Kf8 39. Bxh7
Kg7 40. d6 Kxh7 41. d7 Ra5+ 42. Kf6 Ra6+ 43. Ke7 Ra4 44. e5 Ra5 45. e6 Ra7 46.
Kf6 Ra8 47. e7 Rf8+ 48. exf8=N+ Kg8 49. d8=Q 1-0

[Event "e2e4.org.uk Bedford Open"]
[Site "Park Inn Hotel, Bedford, Engla"]
[Date "2013.09.22"]
[Round "4"]
[White "Sisoev, Robert"]
[Black "Llewellyn, Alan M"]
[Result "1-0"]
[WhiteElo "1791"]
[BlackElo "1590"]
[PlyCount "117"]
[EventDate "2013.??.??"]

1. e4 Nf6 2. e5 Nd5 3. d4 d6 4. c4 Nb6 5. Nc3 dxe5 6. dxe5 Qxd1+ 7. Nxd1 Nc6 8.
f4 Nd4 9. Ne3 Be6 10. b3 O-O-O 11. Bb2 f6 12. O-O-O fxe5 13. fxe5 c5 14. Ne2
Nxe2+ 15. Bxe2 Rxd1+ 16. Kxd1 g6 17. Bg4 Bxg4+ 18. Nxg4 Bg7 19. Rf1 h5 20. Ne3
Rf8 21. Rxf8+ Bxf8 22. Nd5 Nxd5 23. cxd5 Bg7 24. Ke2 b5 25. Kd3 e6 26. dxe6 Bf8
27. Ke4 Be7 28. Bc1 Kc7 29. Bh6 Kc6 30. Bg7 c4 31. bxc4 bxc4 32. Kd4 c3 33.
Kxc3 Kd5 34. Bf6 Bxf6 35. exf6 Kxe6 36. Kb4 Kxf6 37. Kb5 h4 38. Ka6 h3 39. gxh3
Kg5 40. Kxa7 Kh4 41. a4 Kxh3 42. a5 Kxh2 43. a6 g5 44. Kb6 g4 45. a7 g3 46.
a8=Q g2 47. Qh8+ Kg3 48. Qg7+ Kf2 49. Qf6+ Kg3 50. Qg5+ Kf3 51. Kc5 Kf2 52.
Qf4+ Ke1 53. Qg3+ Kf1 54. Qf3+ Kg1 55. Kd4 Kh2 56. Qf2 Kh1 57. Qh4+ Kg1 58. Ke3
Kf1 59. Qf2# 1-0

[Event "e2e4.org.uk Bedford Open"]
[Site "Park Inn Hotel, Bedford, Engla"]
[Date "2013.09.22"]
[Round "5"]
[White "Chapman, Terry P D"]
[Black "Slavin, Alexey"]
[Result "1/2-1/2"]
[WhiteElo "2312"]
[BlackElo "2366"]
[PlyCount "63"]
[EventDate "2013.??.??"]

1. Nf3 Nf6 2. c4 b6 3. g3 Bb7 4. Bg2 e6 5. O-O Be7 6. Nc3 O-O 7. Re1 d5 8. cxd5
exd5 9. d4 Na6 10. Bf4 Qd7 11. Rc1 h6 12. Qa4 Qe6 13. Ne5 Rfd8 14. a3 c5 15.
Nb5 Ne4 16. Be3 Bf6 17. Nf3 Qd7 18. Nc3 Nxc3 19. Qxd7 Nxe2+ 20. Rxe2 Rxd7 21.
dxc5 bxc5 22. Bxc5 Nxc5 23. Rxc5 Ba6 24. Rd2 Rb8 25. b4 d4 26. Ne5 Bxe5 27.
Rxe5 Rc8 28. Rc5 Rdc7 29. Rxd4 Rxc5 30. bxc5 Rxc5 31. h4 Bc8 32. Rd5 1/2-1/2

[Event "e2e4.org.uk Bedford Open"]
[Site "Park Inn Hotel, Bedford, Engla"]
[Date "2013.09.22"]
[Round "5"]
[White "Hunt, Adam C"]
[Black "Harvey, Marcus R"]
[Result "0-1"]
[WhiteElo "2426"]
[BlackElo "2207"]
[PlyCount "82"]
[EventDate "2013.??.??"]

1. e4 e6 2. d4 d5 3. Nc3 Nf6 4. Bg5 dxe4 5. Nxe4 Be7 6. Bxf6 gxf6 7. Qd3 e5 8.
O-O-O Qxd4 9. Qxd4 exd4 10. Rxd4 Be6 11. a3 Rg8 12. Ng3 Bc5 13. Rd2 Nd7 14. Bd3
h5 15. Nf3 Ne5 16. Nxe5 fxe5 17. Be4 h4 18. Bxb7 hxg3 19. Bxa8 gxf2 20. Rf1 Ke7
21. Bc6 Rh8 22. h3 f5 23. Rdxf2 Bxf2 24. Rxf2 Kd6 25. Ba4 e4 26. Bb3 Bc8 27.
Kd2 Ke5 28. Ke1 f4 29. Rd2 c6 30. Bc4 Bf5 31. Rd1 e3 32. Bd3 Be6 33. c4 f3 34.
gxf3 Rxh3 35. b4 Kf4 36. c5 Rh1+ 37. Ke2 Rh2+ 38. Ke1 Kxf3 39. Bf1 Rh1 40. Rd6
Bc4 41. Rf6+ Kg4 0-1

[Event "e2e4.org.uk Bedford Open"]
[Site "Park Inn Hotel, Bedford, Engla"]
[Date "2013.09.22"]
[Round "5"]
[White "Tan, Justin"]
[Black "Fernandez, Daniel Howard"]
[Result "0-1"]
[WhiteElo "2333"]
[BlackElo "2388"]
[PlyCount "48"]
[EventDate "2013.??.??"]

1. e4 e5 2. Nf3 Nf6 3. Nxe5 d6 4. Nf3 Nxe4 5. Nc3 Nxc3 6. dxc3 Be7 7. Be3 Nc6
8. Qd2 Ne5 9. O-O-O Nxf3 10. gxf3 Bf5 11. Qd5 Qc8 12. Rg1 Bg6 13. f4 O-O 14.
Bd3 Bxd3 15. Qxd3 f5 16. Qd5+ Kh8 17. Bd4 Bf6 18. Rde1 Bxd4 19. cxd4 Qd8 20.
Qxb7 Qh4 21. Qxc7 Qxf4+ 22. Kb1 Rg8 23. Re7 Qxf2 24. Rd1 Rac8 0-1

[Event "e2e4.org.uk Bedford Open"]
[Site "Park Inn Hotel, Bedford, Engla"]
[Date "2013.09.22"]
[Round "5"]
[White "Roberson, Peter T"]
[Black "Batchelor, Peter J"]
[Result "1-0"]
[WhiteElo "2384"]
[BlackElo "2132"]
[PlyCount "71"]
[EventDate "2013.??.??"]

1. e4 c6 2. d4 d5 3. Nd2 dxe4 4. Nxe4 Bf5 5. Ng3 Bg6 6. h4 h6 7. Nf3 Nd7 8. h5
Bh7 9. Bd3 Bxd3 10. Qxd3 e6 11. Bd2 Ngf6 12. O-O-O Be7 13. Ne4 O-O 14. Nxf6+
Nxf6 15. Kb1 c5 16. g4 Nxg4 17. Qe2 Qb6 18. Rhg1 f5 19. Ne5 Nxe5 20. dxe5 f4
21. Rg6 Bg5 22. Bc3 Qc6 23. f3 Rae8 24. Rd6 Qc8 25. Qc4 Kf7 26. Bd2 Re7 27. a3
a6 28. Bxf4 b5 29. Qe4 Bxf4 30. Qxf4+ Ke8 31. Qg4 Qb7 32. Rgxe6 Rff7 33. Rxe7+
Rxe7 34. Qg6+ Kf8 35. Rd8+ Re8 36. Rxe8# 1-0

[Event "e2e4.org.uk Bedford Open"]
[Site "Park Inn Hotel, Bedford, Engla"]
[Date "2013.09.22"]
[Round "5"]
[White "Player, Edmund C"]
[Black "Maroroa, Sue"]
[Result "0-1"]
[WhiteElo "2253"]
[BlackElo "2099"]
[PlyCount "122"]
[EventDate "2013.??.??"]

1. e4 e5 2. Nf3 Nc6 3. Nc3 Nf6 4. g3 Bc5 5. Bg2 d6 6. d3 a6 7. O-O h6 8. h3 Be6
9. Kh2 Qd7 10. Be3 Bxe3 11. fxe3 O-O-O 12. d4 exd4 13. exd4 d5 14. e5 Ne4 15.
Ne2 Ng5 16. Nf4 Bf5 17. c3 f6 18. exf6 gxf6 19. Nh4 Be4 20. Qg4 f5 21. Qh5 Rdg8
22. Bxe4 fxe4 23. Nhg6 Rh7 24. Kg2 Rhg7 25. Qxh6 Ne6 26. g4 Rh7 27. Ne5 Rxh6
28. Nxd7 Nxf4+ 29. Rxf4 Kxd7 30. Kg3 Rgh8 31. Rh1 Rh4 32. g5 Rxf4 33. Kxf4 Ne7
34. h4 Ke6 35. Kg4 Nf5 36. h5 e3 37. h6 Rg8 38. h7 Rh8 39. Rf1 Rxh7 40. Rxf5
Rh4+ 41. Kxh4 Kxf5 42. Kg3 Kxg5 43. Kf3 e2 44. Kxe2 Kg4 45. Ke3 Kg3 46. b3 c6
47. b4 b6 48. a4 a5 49. bxa5 bxa5 50. Ke2 Kg2 51. Ke3 Kg3 52. Ke2 Kg2 53. Ke3
Kf1 54. Kd3 Ke1 55. Kc2 Ke2 56. Kb3 Kd1 57. Kb2 Kd2 58. Kb3 Kc1 59. c4 Kd2 60.
cxd5 cxd5 61. Kb2 Kd3 0-1